00259nam a22000977a 450000500170000000800410001702000150005804000080007324500390008126000410012020200818113407.0200818b ||||| |||| 00| 0 eng d a0395250730 cCML aAssessemnt In Special.cSalvia, J. aU.S.AbHoughton Miffin Companyc1978